Internal combustion engines (Record no. 24482)

000 -LEADER
fixed length control field 00576nam a22002051 4500
001 - CONTROL NUMBER
control field 24482
003 - CONTROL NUMBER IDENTIFIER
control field BD-DhUET
008 - FIXED-LENGTH DATA ELEMENTS--GENERAL INFORMATION
fixed length control field 681231s1968 paua b 001 0 eng
040 ## - CATALOGING SOURCE
Original cataloging agency DLC
Transcribing agency DLC
Modifying agency BD-DhUET
082 00 - DEWEY DECIMAL CLASSIFICATION NUMBER
Classification number 621.43
Item number OBE/1968
100 ## - MAIN ENTRY--PERSONAL NAME
Personal name Obert, Edward F.
245 10 - TITLE STATEMENT
Title Internal combustion engines
250 ## - EDITION STATEMENT
Edition statement 3rd ed.
260 ## - PUBLICATION, DISTRIBUTION, ETC. (IMPRINT)
Place of publication, distribution, etc. Scranton
Name of publisher, distributor, etc. International Textbook
Date of publication, distribution, etc. 1968
300 ## - PHYSICAL DESCRIPTION
Extent xiii, 736p.
Other physical details illus
490 0# - SERIES STATEMENT
Series statement International textbooks in mechanical engineering
504 ## - BIBLIOGRAPHY, ETC. NOTE
Bibliography, etc Includes bibliographies
650 #0 - SUBJECT ADDED ENTRY--TOPICAL TERM
Topical term or geographic name as entry element Internal combustion engines
942 ## - ADDED ENTRY ELEMENTS (KOHA)
Koha item type General Book
Holdings
Koha date last seen Withdrawn status Copy number Price effective from Piece designation (barcode) Lost status Damaged status Date acquired Location (home branch) Koha date last borrowed Koha issues (times borrowed) Not for loan Koha normalized classification for sorting Source of classification or shelving scheme Shelving location Koha full call number Koha item type Sublocation or collection (holding branch)
2019-11-18 12015-05-0919063  2015-05-09Central Library, BUET2019-09-282 621_430000000000000_OBE_1968 Circulation section621.43/OBE/1968General BookCentral Library, BUET
2015-06-16 22015-06-1632007  2015-06-16Central Library, BUET   621_430000000000000_OBE_1968 Reading section621.43/OBE/1968General BookCentral Library, BUET
2015-06-16 32015-06-1640437  2015-06-16Central Library, BUET   621_430000000000000_OBE_1968 Reading section621.43/OBE/1968Reading ItemCentral Library, BUET
2015-06-23 42015-06-2319060  2015-06-23Central Library, BUET   621_430000000000000_OBE_1968 Reading section621.43/OBE/1968Reading ItemCentral Library, BUET
2015-07-03 52015-07-0332117  2015-07-03Central Library, BUET   621_430000000000000_OBE_1968 Reading section621.43/OBE/1968Reading ItemCentral Library, BUET